000 00369nam a2200133 i 4500
001 bg
245 0 _aBezpieczeństwo pracy w przemyśle okrętowym :
_bprzepisy Międzynarodowego Biura Pracy (ILO) z komentarzem.
260 _aGdańsk,
_c1977.
040 _cBPK
041 _apol
080 _a629.12:331.82
942 _cKS
008 s pl f |000 0 pol
999 _c18051
_d18051
856 _uhttp://koha.tu.koszalin.pl/cgi-bin/koha/opac-detail.pl?biblionumber=18051
_yKatalog online BPK